00507nam a2200145Ia 4500008004100000020002200041100003000063245007600093260003300169300003800202500003500240650001900275650004800294999001900342190920s9999 xx 000 0 und d a978-0-7506-8057-8 aSilvers, Julia Rutherford cSilvers, Julia Rutherford.--aRisk management for meetings and events / aNY :bTaylor & Francisc2008 a354 pages :bblack & white graphs aIncludes appendices and index. aRiskhantering. aSpecial events industry -- Risk management. c362143d362143